000 00308 a2200145 4500
001 71819
020 _a
040 _cAnchieta - Colégio São Paulo
240 1 0 _aDois bons amigos
_lpor
245 1 0 _aDois bons amigos
300 _a13
362 0 _a0
650 4 _aLiteratura infanto-juvenil
942 _cBK
999 _c71819
_d71819